000 00353nam a22001457a 4500
008 221206b ||||| |||| 00| 0 eng d
020 _a9780201504279
041 _aeng
080 _2SECOND EDITION
_a612.39
082 _a612.39GER
100 _a16.2
101 _aNUTRI
245 _aFUNDAMENTALS OF FLUID MECHANICS
_cGERHART.M.PH
942 _2udc
_cBK
999 _c59114
_d59114